000 00916nam a2200289Ia 4500
003 OSt
005 20221006143252.0
006 a|||||r|||| 00| 0
007 ta
008 221006b |||||||| |||| 00| 0 eng d
020 _a9780804723039
_c1713.00
024 _a8,508
037 _cTextual
040 _aEASL
_cEASL
_beng
041 _2eng
_aeng
082 _aZ41,215(zP).N93, N4
100 _aLewis John Wilson
245 0 _aChina's strategic seapower
_b The politics of force modernization in the nuclear age
260 _aStanford
_bStanford University Press
_c1994
300 _a393p.
_ccm.
490 _v CEL
_aStudies in International Security and Arms control
650 _a CEL
650 _aIntial organization of project
_9649540
700 _a Litai Xue
_9649541
942 _hZ41,215(zP).N93, N4
_cTEXL
_2CC
999 _c1076594
_d1076594